000 00318nam a22001217a 4500
999 _c6548
_d6548
008 200206b ||||| |||| 00| 0 eng d
020 _cLVI
082 _a658.8 BOO
100 _aBOONE, LOUIS E.
_cKURTZ, DAVID L.
245 _aCONTEPORARY MARKETING
250 _a12ED.
260 _aNEW YORK;
_bTHOMSON SOUTH-WESTERN,
_c2006.